| 000 | 00000nam##2200000za#4500 |
| 001 | 9.619445 |
| 003 | CaOODSP |
| 005 | 20210929082758 |
| 007 | ta |
| 008 | 150406|2010||||xxc||||| f|0| 0 eng|d |
| 020 | |a978-1-100-13443-7 |
| 040 | |aCaOODSP|beng |
| 043 | |an-cn--- |
| 086 | 1 |aFo143-3/2009-28E |
| 110 | 1 |aCanada. |bNatural Resources Canada. |bCanadian Forest Service. |
| 245 | 10|aEffects of acetone extractives in grey-stage mountain pine beetle-killed lodgepole pine on kraft mills / |c[by] Larry Allen and Alain Gagné. |
| 260 | |aVictoria - British Columbia : |bNatural Resources Canada. |c2010. |
| 300 | |aiv, 15p. : |bfigs., references, tables ; |c28 cm. |
| 490 | 1 |aMountain Pine Beetle working paper|v2009-28 |
| 500 | |a"MPB project # 7.17" |
| 520 | 3 |aThe objective was to determine whether using grey-stage beetle-killed wood increases concentrations of acetone extractives in the final bleached pulp and increases resin acid concentrations in the treated effluents. |
| 546 | |a(Résumé en français.) |
| 563 | |aSpiral binding |
| 590 | |a10-25|b2010-06-25 |
| 720 | 1 |aAllen, Larry |
| 720 | 1 |aGagné, Alain |
| 776 | 0#|tEffects of acetone extractives in grey-stage mountain pine beetle killed lodgepole pine on kraft mills / |w(CaOODSP)9.566404 |
| 830 | #0|aMountain Pine Beetle working paper ;|v2009-28|w(CaOODSP)9.515301 |